| 000 | 00415nam a22001337a 4500 | ||
|---|---|---|---|
| 008 | 131203b xxu||||| |||| 00| 0 eng d | ||
| 050 | _aBT993.2B197 1990 | ||
| 100 |
_aVon Balthasar, Hans _94777 |
||
| 245 |
_aCredo _bMeditations on the Apostles' Creed _cHans Von Balthasar |
||
| 260 |
_aSan Fransisco _bIgnatius Press _c1990 |
||
| 300 |
_a105p. ; _c22cm. |
||
| 650 |
_aApostles' Creed _94778 |
||
| 942 |
_2lcc _cMONOGRAPH |
||
| 999 |
_c118966 _d118966 |
||